00558nam a2200205 i 4500001001100000003000500011005001700016008004100033040002500074082001200099090001700111245004600128264007000174300001000244336002100254337002500275338002300300942001000323999001900333C2-0299878PPAK20180728081452.0090908s2005 my |||| ||||| | may d aPPAKbengcPPAKerda04a30622300a306bKEBdKK00aKebudayaan (Keratan Akhbar Koleksi Kedah) 1aAlor Setar, Kedah : bPerbadanan Perpustakaan Awam Kedah , c2005 c33 cm 2rdacontentatext 2rdamediaaunmediated 2rdacarrieravolume ddccB c103798d103798